000 00796nam a2200229 i 4500
001 89848
003 ES-MaACL
005 20250807075154.0
007 t|
008 050114s1972 sp ||||1| spa d
100 1 _aLasuén, José Ramón.
_970506
245 1 0 _aEspaña-Mercado Común
_b: política crediticia y reforma agraria /
_cJosé Ramón Lasuén, Ramón Tamames.
260 _a[Algorta (Vizcaya)] :
_bZero,
_c[1972]
300 _a72 p. ;
_c17 cm.
490 1 _aLee y discute. Serie R ;
_v27
650 4 _aCrédito agrícola-
_zEspaña.
_9135837
651 4 _aEspaña-
_xPolítica agraria-
_y1939-1975.
_9163148
700 1 _aTamames, Ramón,
_d1933-
_9237391
830 1 _aLee y discute. Serie R ;
_v27
_9183631
852 _aES-MaACL
_jC-44970
999 _c89848
_d89848